Fléaux connus dans Jujutsu Kaisen - Statistiques

Statistiques générales
  • Ce quiz a été pris 122 fois
  • Le résultat moyen est 5 sur 13
Statistiques - réponses
Par images Hint Réponse % Correct
Jogo
98%
Mahito
98%
Hanami
89%
Rika Orimoto
87%
Dagon
75%
Têtes de Mouche
18%
Le Criquet
15%
Vieille Dame de la Variole
10%
Kuro-Urushi
7%
Femme à la bouche fendue
4%
Dragon Irisé
3%
Incarnation de Tamamo no Mae
2%
Design non canon Sugawara no Michizane
1%
Aucun quiz correspondant
Distribution des résultats
% des personnes avec chaque résultat
Percentile par nombre de réponses
Votre historique - résultats
Vous n’avez pas pris ce quiz